Normal view
MARC view
- عيسى، مراد علي
Entry Personal Name
001 - CONTROL NUMBER
- control field: 62775
003 - CONTROL NUMBER IDENTIFIER
- control field: JO-AjAnu
005 - DATE AND TIME OF LATEST TRANSACTION
- control field: 20230606084242.0
008 - FIXED-LENGTH DATA ELEMENTS
- fixed length control field: 230606|| aca||aabn | a|a d
040 ## - CATALOGING SOURCE
- Original cataloging agency: JO-AjAnu
- Transcribing agency: JO-AjAnu
100 ## - HEADING--PERSONAL NAME
- Personal name: عيسى، مراد علي
670 ## - SOURCE DATA FOUND
- Source citation: Work cat.: (JO-AjAnu)32010: عيسى، مراد علي, author, مقدمة في علم النفس السيبراني=Introducation to CYBERRPSYCHOLOGY